Первопринципное моделирование межфазной границы гидроксиапатит / Ti-40 ат. % Nb; Перспективы развития фундаментальных наук; Т. 1 : Физика

التفاصيل البيبلوغرافية
Parent link:Перспективы развития фундаментальных наук=Prospects of Fundamental Sciences Development: сборник научных трудов XXI Международной конференции студентов, аспирантов и молодых ученых, г. Томск, 23-26 апреля 2024 г./ Национальный исследовательский Томский политехнический университет ; под ред. И. А. Курзиной [и др.].— .— Томск: Изд-во ТПУ
Т. 1 : Физика.— 2024.— С. 34-36
المؤلف الرئيسي: Апанасевич А. И.
مؤلف مشترك: Национальный исследовательский Томский политехнический университет (570)
مؤلفون آخرون: Дурягин В. И. (научный руководитель), Грубова И. Ю. Ирина Юрьевна
الملخص:Заглавие с экрана
First-principles approach allow us to describe processes that are difficult or impossible to evaluate experimentally. According to the calculated energies, this work identified the optimal geometry of the interface between the surface (111) of Ti-40 at.% Nb (substrate) and amorphous calcium-phosphate (coating)
Текстовый файл
اللغة:الروسية
منشور في: 2024
الموضوعات:
الوصول للمادة أونلاين:http://earchive.tpu.ru/handle/11683/80540
التنسيق: MixedMaterials الكتروني فصل الكتاب
KOHA link:https://koha.lib.tpu.ru/cgi-bin/koha/opac-detail.pl?biblionumber=674326

MARC

LEADER 00000naa2a2200000 4500
001 674326
005 20241007131110.0
090 |a 674326 
100 |a 20240903d2024 k||y0rusy50 ca 
101 0 |a rus 
102 |a RU 
135 |a drcn ---uucaa 
200 1 |a Первопринципное моделирование межфазной границы гидроксиапатит / Ti-40 ат. % Nb  |d First-principles modeling of the interface between the hydroxyapatite and Ti-40 at. % Nb  |f А. И. Апанасевич, В. И. Дурягин  |g науч. рук. И. Ю. Грубова ; Национальный исследовательский Томский политехнический университет  |z eng 
300 |a Заглавие с экрана 
320 |a Список литературы: 3 назв. 
330 |a First-principles approach allow us to describe processes that are difficult or impossible to evaluate experimentally. According to the calculated energies, this work identified the optimal geometry of the interface between the surface (111) of Ti-40 at.% Nb (substrate) and amorphous calcium-phosphate (coating) 
336 |a Текстовый файл 
461 1 |0 674010  |t Перспективы развития фундаментальных наук  |l Prospects of Fundamental Sciences Development  |o сборник научных трудов XXI Международной конференции студентов, аспирантов и молодых ученых, г. Томск, 23-26 апреля 2024 г.  |9 674010  |c Томск  |n Изд-во ТПУ  |f Национальный исследовательский Томский политехнический университет ; под ред. И. А. Курзиной [и др.] 
463 1 |0 674235  |t Т. 1 : Физика  |v С. 34-36  |d 2024  |9 674235  |p 1 файл (66,9 MB, 392 с.)  |u conference_tpu-2024-C21_V1.pdf  |l Vol. 1 : Physics 
610 1 |a труды учёных ТПУ 
610 1 |a электронный ресурс 
610 1 |a гидроксиапатитовое покрытие 
610 1 |a адгезия 
610 1 |a титановые имплантаты 
610 1 |a интерфейс 
610 1 |a композиционные материалы 
610 1 |a склерометрия 
700 1 |a Апанасевич  |b А. И. 
701 1 |a Дурягин  |b В. И. 
702 1 |a Грубова  |b И. Ю.  |c физик  |c инженер-исследователь Томского политехнического университета  |f 1989-  |g Ирина Юрьевна  |4 727 
712 0 2 |a Национальный исследовательский Томский политехнический университет  |c (2009- )  |9 26305  |4 570 
801 0 |a RU  |b 63413507  |c 20240903  |g RCR 
856 4 |z http://earchive.tpu.ru/handle/11683/80540  |u http://earchive.tpu.ru/handle/11683/80540 
942 |c CF